[Event "Oberliga Baden 1718"]
[Site "Baden"]
[Date "2018.04.15"]
[Round "9.3"]
[White "Neerforth, Philipp"]
[Black "Clara, Hans Joachim"]
[Result "1-0"]
[WhiteElo "2249"]
[BlackElo "2300"]
[PlyCount "109"]
[EventDate "2017.10.08"]
[EventType "team-tourn"]
[EventRounds "9"]
[EventCountry "GER"]
[SourceTitle "EXT 2019"]
[Source "ChessBase"]
[SourceDate "2018.10.10"]
[SourceVersion "1"]
[SourceVersionDate "2018.10.10"]
[SourceQuality "1"]
[WhiteTeam "Ettlingen"]
[BlackTeam "Buchen"]
[WhiteTeamCountry "GER"]
[BlackTeamCountry "GER"]

1. d4 Nf6 2. Bf4 e6 3. e3 b6 4. Nf3 Bb7 5. Nbd2 c5 6. Nc4 d5 7. Nce5 Nfd7 8. Bb5 f6 9. Nxd7 Nxd7 10. Ne5 fxe5 11. Qh5+ Ke7 12. Bg5+ Nf6 13. dxe5 a6 14. Be2 h6 15. 0-0-0 Qe8 16. Bh4 Qxh5 17. Bxh5 g5 18. exf6+ Kxf6 19. Bg3 Ke7 20. Be5 Rg8 21. h4 Bg7 22. Bxg7 Rxg7 23. hxg5 hxg5 24. Bg4 Rf8 25. f3 Bc6 26. Rh6 Bd7 27. c3 Rfg8 28. c4 dxc4 29. Rxd7+ Kxd7 30. Bxe6+ Kc7 31. Bxg8 Rxg8 32. e4 g4 33. Rf6 Rh8 34. Rg6 gxf3 35. gxf3 Rh2 36. e5 Rf2 37. Rf6 b5 38. f4 b4 39. e6 Rf1+ 40. Kc2 Rf2+ 41. Kc1 Rf1+ 42. Kd2 Rf2+ 43. Ke3 Rxb2 44. e7 Kd7 45. Re6 Ke8 46. f5 Rb1 47. Kf2 Rb2+ 48. Kf3 Rb1 49. f6 Rf1+ 50. Ke2 Rf5 51. Rxa6 Re5+ 52. Kd1 Kf7 53. Ra8 Rxe7 54. fxe7 Kxe7 55. Ra6 1-0

[Event "Oberliga Baden 1718"]
[Site "Baden"]
[Date "2018.02.04"]
[Round "6.4"]
[White "Neerforth, Philipp"]
[Black "Postoev Birkenberg, Alexander"]
[Result "0-1"]
[WhiteElo "2256"]
[BlackElo "2296"]
[PlyCount "80"]
[EventDate "2017.10.08"]
[EventType "team-tourn"]
[EventRounds "9"]
[EventCountry "GER"]
[SourceTitle "EXT 2019"]
[Source "ChessBase"]
[SourceDate "2018.10.10"]
[SourceVersion "1"]
[SourceVersionDate "2018.10.10"]
[SourceQuality "1"]
[WhiteTeam "Ettlingen"]
[BlackTeam "Hockenheim II"]
[WhiteTeamCountry "GER"]
[BlackTeamCountry "GER"]

1. Nf3 d6 2. d4 Bg4 3. g3 Bxf3 4. exf3 Nf6 5. Bd3 e6 6. 0-0 Be7 7. Nd2 Nbd7 8. f4 g6 9. Nf3 0-0 10. Re1 Re8 11. c3 c5 12. dxc5 Nxc5 13. Bb5 Rf8 14. Bf1 Qc7 15. Qc2 d5 16. Be3 Nce4 17. Nd4 Ng4 18. Bg2 Nd6 19. Rad1 Nxe3 20. Rxe3 Bf6 21. Re2 Rac8 22. h4 Bxd4 23. Rxd4 Nf5 24. Rd3 Qb6 25. Qb3 Qa6 26. Red2 Rc5 27. a3 Rfc8 28. Qd1 Qb6 29. Qe2 Nd6 30. h5 Nc4 31. h6 Qd8 32. f5 gxf5 33. g4 f4 34. b3 Nxd2 35. Qe5 Kf8 36. Rxd2 Rxc3 37. Bxd5 Rc1+ 38. Kg2 Qh4 39. Qxf4 Qh1+ 40. Kg3 R8c3+ 0-1

[Event "Oberliga Baden 1718"]
[Site "Baden"]
[Date "2017.10.22"]
[Round "2.4"]
[White "Neerforth, Philipp"]
[Black "Kaczmarczyk, Dennis"]
[Result "0-1"]
[WhiteElo "2276"]
[BlackElo "2430"]
[PlyCount "148"]
[EventDate "2017.10.08"]
[EventType "team-tourn"]
[EventRounds "9"]
[EventCountry "GER"]
[SourceTitle "EXT 2019"]
[Source "ChessBase"]
[SourceDate "2018.10.10"]
[SourceVersion "1"]
[SourceVersionDate "2018.10.10"]
[SourceQuality "1"]
[WhiteTeam "Ettlingen"]
[BlackTeam "Baden-Baden III"]
[WhiteTeamCountry "GER"]
[BlackTeamCountry "GER"]

1. Nf3 d5 2. d4 Nf6 3. c4 e6 4. Nc3 c5 5. cxd5 Nxd5 6. e4 Nxc3 7. bxc3 cxd4 8. cxd4 Bb4+ 9. Bd2 Bxd2+ 10. Qxd2 0-0 11. Bc4 Nd7 12. 0-0 b6 13. Rfe1 Bb7 14. Rad1 Rc8 15. Bd3 h6 16. Bb1 Re8 17. h3 a5 18. Bd3 Nf6 19. Qb2 Ba8 20. Ne5 Re7 21. Rb1 Rb8 22. a4 Rc7 23. Rbd1 Qd6 24. f3 Nd7 25. Nc4 Qf4 26. Na3 Bc6 27. Nb5 Bxb5 28. Bxb5 Qd6 29. Rc1 Rbc8 30. Rxc7 Rxc7 31. Rb1 Nf8 32. Bf1 Rc6 33. Bb5 Rc8 34. Bf1 Rc6 35. Bb5 Rc8 36. Bf1 Rb8 37. Rd1 Ng6 38. Qd2 Rc8 39. Ba6 Rc7 40. Bb5 Qa3 41. d5 exd5 42. Qxd5 Qe3+ 43. Kh1 Rc1 44. Rxc1 Qxc1+ 45. Kh2 Qc7+ 46. Kg1 Ne5 47. Kf2 g5 48. Ke2 Kg7 49. Kd2 Kg6 50. Be2 Kg7 51. Qd4 f6 52. Bb5 h5 53. h4 gxh4 54. Qf2 Qd6+ 55. Ke2 Ng6 56. Kf1 Qd1+ 57. Qe1 Qc2 58. Qf2 Qc1+ 59. Qe1 Qg5 60. Bd7 Nf4 61. Qd2 Kh6 62. Bf5 h3 63. gxh3 Qg3 64. Qf2 h4 65. Bg4 Qxf2+ 66. Kxf2 Nd3+ 67. Ke3 Nc5 68. Kd4 Nxa4 69. Kc4 Kg5 70. Kd5 Nc3+ 71. Kc4 Ne2 72. Kb5 Nd4+ 73. Kxb6 a4 74. Kc5 a3 0-1

[Event "Oberliga Baden 1718"]
[Site "Baden"]
[Date "2017.10.08"]
[Round "1.3"]
[White "Neerforth, Philipp"]
[Black "Ivanov, Mikhail M"]
[Result "0-1"]
[WhiteElo "2276"]
[BlackElo "2355"]
[PlyCount "46"]
[EventDate "2017.10.08"]
[EventType "team-tourn"]
[EventRounds "9"]
[EventCountry "GER"]
[SourceTitle "EXT 2019"]
[Source "ChessBase"]
[SourceDate "2018.10.10"]
[SourceVersion "1"]
[SourceVersionDate "2018.10.10"]
[SourceQuality "1"]
[WhiteTeam "Ettlingen"]
[BlackTeam "Bad Mergentheim"]
[WhiteTeamCountry "GER"]
[BlackTeamCountry "GER"]

1. Nf3 d5 2. d4 Nf6 3. c4 dxc4 4. Nc3 a6 5. a4 Nc6 6. e4 Na5 7. Ne5 e6 8. Nxc4 Bb4 9. Nxa5 Bxa5 10. Bd3 Bb6 11. Be3 0-0 12. e5 Nd5 13. a5 Ba7 14. 0-0 f5 15. exf6 Nxf6 16. Bc2 Bd7 17. Qd3 Bc6 18. Rad1 Qe8 19. Bg5 Qh5 20. Bxf6 Rxf6 21. Rfe1 Rd8 22. Qc4 Qh4 23. g3 Qxh2+ 0-1

[Event "Oberliga Baden 1516"]
[Site "Baden"]
[Date "2016.03.13"]
[Round "8.6"]
[White "Elis, Volker"]
[Black "Neerforth, Philipp"]
[Result "1/2-1/2"]
[WhiteElo "2220"]
[BlackElo "2245"]
[PlyCount "38"]
[EventDate "2015.09.20"]
[EventType "team-tourn"]
[EventRounds "9"]
[EventCountry "GER"]
[SourceTitle "EXT 2018"]
[Source "ChessBase"]
[SourceDate "2017.10.13"]
[SourceVersion "1"]
[SourceVersionDate "2017.10.13"]
[SourceQuality "1"]
[WhiteTeam "Handschuhsheim"]
[BlackTeam "Ettlingen"]
[WhiteTeamCountry "GER"]
[BlackTeamCountry "GER"]

1. Nf3 Nf6 2. c4 g6 3. Nc3 d5 4. cxd5 Nxd5 5. Qc2 Bg7 6. e4 Nxc3 7. dxc3 Nd7 8. Be3 c5 9. Be2 0-0 10. 0-0 Qc7 11. Nd2 b6 12. a4 a6 13. Bg5 Re8 14. Nc4 Bb7 15. Rfd1 Rad8 16. Bg4 Ne5 17. Bf4 b5 18. axb5 axb5 19. Nxe5 Bxe5 1/2-1/2

[Event "Oberliga Baden 1516"]
[Site "Baden"]
[Date "2016.01.17"]
[Round "5.5"]
[White "Duessel, Udo"]
[Black "Neerforth, Philipp"]
[Result "1/2-1/2"]
[WhiteElo "2193"]
[BlackElo "2245"]
[PlyCount "125"]
[EventDate "2015.09.20"]
[EventType "team-tourn"]
[EventRounds "9"]
[EventCountry "GER"]
[SourceTitle "EXT 2018"]
[Source "ChessBase"]
[SourceDate "2017.10.13"]
[SourceVersion "1"]
[SourceVersionDate "2017.10.13"]
[SourceQuality "1"]
[WhiteTeam "Waldshut Tiengen"]
[BlackTeam "Ettlingen"]
[WhiteTeamCountry "GER"]
[BlackTeamCountry "GER"]

1. d4 Nf6 2. c4 g6 3. Nc3 d5 4. cxd5 Nxd5 5. e4 Nxc3 6. bxc3 Bg7 7. Bc4 c5 8. Be3 Nc6 9. Ne2 cxd4 10. cxd4 0-0 11. 0-0 Na5 12. Bd3 b6 13. Rc1 e6 14. Qd2 Bb7 15. Bh6 Bxh6 16. Qxh6 Rc8 17. Rxc8 Qxc8 18. Qf4 Qd7 19. Rc1 Nc6 20. Qe3 Nxd4 21. Nxd4 Rd8 22. Nxe6 Qxe6 23. Qe2 Qd7 24. Bc4 Qd4 25. Re1 Qc3 26. Bb3 Rd2 27. Qe3 Rd3 28. Qe2 Rd2 29. Qe3 Rd3 30. Qe2 Rd4 31. f3 Ba6 32. Qf2 Rd2 33. Qg3 Qd4+ 34. Kh1 Kg7 35. h4 Bc4 36. Bxc4 Qxc4 37. Qe5+ f6 38. Qb8 Qxa2 39. Rc1 Rd7 40. e5 Qb2 41. exf6+ Qxf6 42. Rc4 Re7 43. Rf4 Qa1+ 44. Kh2 Kh6 45. Re4 Qf6 46. Rf4 Rb7 47. Qxb7 Qxf4+ 48. Kh3 g5 49. hxg5+ Qxg5 50. Qxa7 Qa5 51. Qd7 Qh5+ 52. Kg3 Qg5+ 53. Kf2 Qc5+ 54. Ke2 Kg6 55. g4 Qe5+ 56. Kd3 Qc5 57. f4 Qa3+ 58. Ke4 Qb4+ 59. Ke3 Qe1+ 60. Kf3 Qf1+ 61. Ke3 Qe1+ 62. Kf3 Qf1+ 63. Ke3 1/2-1/2

[Event "Oberliga Nord O 1314"]
[Site "Germany"]
[Date "2014.02.09"]
[Round "6.2"]
[White "Neerforth, Philipp"]
[Black "Lorenz, Sascha"]
[Result "1-0"]
[WhiteElo "2251"]
[BlackElo "2273"]
[PlyCount "111"]
[EventDate "2013.10.13"]
[EventType "team-tourn"]
[EventRounds "9"]
[EventCountry "GER"]
[SourceTitle "EXT 2015"]
[Source "ChessBase"]
[SourceDate "2014.11.20"]
[SourceVersion "1"]
[SourceVersionDate "2014.11.20"]
[SourceQuality "1"]
[WhiteTeam "Potsdam Empor"]
[BlackTeam "Koenig Tegel II"]
[WhiteTeamCountry "GER"]
[BlackTeamCountry "GER"]

1. Nf3 f5 2. d4 Nf6 3. c4 g6 4. g3 Bg7 5. Bg2 0-0 6. 0-0 d6 7. Nc3 e6 8. b3 Nc6 9. Qc2 e5 10. dxe5 Nxe5 11. Bb2 Nf7 12. Rad1 c6 13. Rfe1 Qa5 14. a3 Bd7 15. e3 Rae8 16. b4 Qc7 17. Ne2 a5 18. h4 Ne5 19. c5 Nxf3+ 20. Bxf3 d5 21. Bd4 axb4 22. axb4 Rf7 23. Qb2 Ne4 24. Nf4 Bh6 25. Ra1 Rfe7 26. Kg2 Bg7 27. Rh1 Bc8 28. Ra8 b6 29. Bxg7 Rxg7 30. Bxe4 fxe4 31. Rha1 bxc5 32. bxc5 Qb7 33. Qa3 Rge7 34. Kg1 Qb5 35. Qc3 Qb7 36. Qd4 Bg4 37. R8a2 Rb8 38. Qf6 Bf3 39. Kh2 Rf8 40. Qd4 Qd7 41. Ra8 Ref7 42. Kg1 Qb7 43. Rxf8+ Rxf8 44. Ne6 Qd7 45. Nf4 Rxf4 46. exf4 Qb7 47. Qf6 e3 48. Qe6+ Kg7 49. Qxe3 Be4 50. Re1 Qb4 51. f3 Bxf3 52. Qe7+ Kh6 53. Qf8+ Kh5 54. Re5+ Kg4 55. Rg5+ Kh3 56. Qc8+ 1-0

[Event "Oberliga Nord O 1314"]
[Site "Germany"]
[Date "2013.11.20"]
[Round "3.2"]
[White "Kanarek, Marcel"]
[Black "Neerforth, Philipp"]
[Result "1-0"]
[WhiteElo "2465"]
[BlackElo "2251"]
[PlyCount "79"]
[EventDate "2013.10.13"]
[EventType "team-tourn"]
[EventRounds "9"]
[EventCountry "GER"]
[SourceTitle "EXT 2015"]
[Source "ChessBase"]
[SourceDate "2014.11.20"]
[SourceVersion "1"]
[SourceVersionDate "2014.11.20"]
[SourceQuality "1"]
[WhiteTeam "Ruedersdorf"]
[BlackTeam "Potsdam Empor"]
[WhiteTeamCountry "GER"]
[BlackTeamCountry "GER"]

1. d4 d5 2. c4 e6 3. Nc3 c5 4. cxd5 exd5 5. Nf3 Nc6 6. e3 Nf6 7. Be2 c4 8. Ne5 Bb4 9. 0-0 0-0 10. Qa4 Bxc3 11. Nxc6 Qe8 12. bxc3 Qxc6 13. Qxc6 bxc6 14. f3 Bf5 15. e4 Bg6 16. Bf4 dxe4 17. fxe4 Nxe4 18. Rac1 f5 19. Bxc4+ Bf7 20. Ba6 c5 21. Rc2 Rad8 22. Be5 Be6 23. Rb1 c4 24. Rb4 f4 25. Bxc4 Bxc4 26. Rxc4 f3 27. gxf3 Rxf3 28. Rc7 Rf7 29. Rxf7 Kxf7 30. c4 Ke6 31. Kg2 Rc8 32. h4 g6 33. Bf4 Kf5 34. Kf3 h6 35. Bxh6 Rh8 36. Re2 Nd6 37. Bg7 Re8 38. Rxe8 Nxe8 39. Be5 a6 40. a3 1-0

[Event "Oberliga Nord O 1213"]
[Site "Germany"]
[Date "2013.02.03"]
[Round "6.2"]
[White "Neerforth, Philipp"]
[Black "Bruchmann, Stephan"]
[Result "1-0"]
[WhiteElo "2246"]
[BlackElo "2309"]
[PlyCount "61"]
[EventDate "2012.10.17"]
[EventType "team-tourn"]
[EventRounds "9"]
[EventCountry "GER"]
[SourceTitle "EXT 2015"]
[Source "ChessBase"]
[SourceDate "2014.11.20"]
[SourceVersion "1"]
[SourceVersionDate "2014.11.20"]
[SourceQuality "1"]
[WhiteTeam "Potsdam Empor"]
[BlackTeam "Pankow Rotation"]
[WhiteTeamCountry "GER"]
[BlackTeamCountry "GER"]

1. Nf3 d5 2. d4 Nf6 3. c4 c6 4. Nc3 dxc4 5. a4 Bf5 6. Nh4 e6 7. Nxf5 exf5 8. e3 Bb4 9. Bxc4 0-0 10. 0-0 Nbd7 11. Qc2 g6 12. Bd2 Qb6 13. a5 Qc7 14. Nb5 cxb5 15. Bxf7+ Rxf7 16. Qxc7 Bxd2 17. Qxb7 Nb6 18. Qc6 Rc8 19. Qxb5 Nbd5 20. Rfd1 Rc2 21. Qb3 Rfc7 22. g4 g5 23. gxf5 Kg7 24. Qd3 Bb4 25. Qb5 Rxb2 26. Rdb1 Rcc2 27. Rxb2 Rxb2 28. Qb7+ Kg8 29. Rc1 Ne7 30. Qa6 Nfd5 31. f6 1-0

[Event "GER-ch 79th"]
[Site "Bad Woerishofen "]
[Date "2008.02.22"]
[Round "8"]
[White "Huschenbeth, Niclas"]
[Black "Neerforth, Philipp"]
[Result "1-0"]
[WhiteElo "2437"]
[BlackElo "2258"]
[PlyCount "75"]
[EventDate "2008.02.15"]
[EventType "swiss"]
[EventRounds "9"]
[EventCountry "GER"]
[SourceTitle "CBM 122 Extra"]
[Source "ChessBase"]
[SourceDate "2008.03.04"]
[SourceVersion "1"]
[SourceVersionDate "2008.03.04"]
[SourceQuality "1"]

1. e4 e5 2. Nf3 Nc6 3. Bb5 Nf6 4. 0-0 Nxe4 5. d4 Nd6 6. Bxc6 dxc6 7. dxe5 Nf5 8. Qxd8+ Kxd8 9. Nc3 h6 10. Rd1+ Ke8 11. b3 Be7 12. Ne2 g5 13. h3 c5 14. c4 a5 15. a4 Ng7 16. Nc3 Bf5 17. Be3 b6 18. g4 Bg6 19. Rd2 Ne6 20. Rad1 Rd8 21. Nd5 Be4 22. Nh2 h5 23. gxh5 Rxh5 24. Ng4 Kf8 25. Kh2 Bf3 26. Rg1 c6 27. Nxb6 Rxd2 28. Bxd2 f5 29. Nd7+ Kf7 30. Ngf6 Rh8 31. Bxg5 Nxg5 32. Rxg5 Bg4 33. h4 Rxh4+ 34. Kg2 Bd1 35. Rg3 f4 36. Rd3 Bc2 37. Rc3 Bf5 38. Nb8 1-0

[Event "GER-ch 79th"]
[Site "Bad Woerishofen "]
[Date "2008.02.21"]
[Round "7"]
[White "Neerforth, Philipp"]
[Black "Solonar, Stefan"]
[Result "1-0"]
[WhiteElo "2258"]
[BlackElo "2371"]
[PlyCount "145"]
[EventDate "2008.02.15"]
[EventType "swiss"]
[EventRounds "9"]
[EventCountry "GER"]
[SourceTitle "CBM 122 Extra"]
[Source "ChessBase"]
[SourceDate "2008.03.04"]
[SourceVersion "1"]
[SourceVersionDate "2008.03.04"]
[SourceQuality "1"]

1. Nf3 Nf6 2. c4 d6 3. d4 g6 4. Nc3 Nbd7 5. e4 e5 6. Be2 Bg7 7. 0-0 0-0 8. Be3 Qe7 9. d5 Nc5 10. Nd2 a5 11. a3 a4 12. Bxc5 dxc5 13. Nxa4 Bh6 14. Nc3 Nh5 15. g3 Bh3 16. Re1 Ng7 17. Bf1 Bc8 18. Bg2 Ra6 19. Nb3 Ne8 20. Nc1 Nd6 21. b3 Bd7 22. Nd3 b6 23. Qe2 Raa8 24. a4 Nb7 25. Ra2 Na5 26. Rb2 Rae8 27. Qf1 Bg7 28. Bh3 f5 29. Nb5 Qd8 30. Nc3 g5 31. Reb1 g4 32. Bg2 f4 33. Qd1 f3 34. Bf1 h5 35. Ne1 Rf6 36. b4 cxb4 37. Rxb4 h4 38. c5 hxg3 39. hxg3 bxc5 40. Rb8 Qe7 41. Qd2 Bh6 42. Qb2 c4 43. d6 Rxd6 44. Nd5 Qf8 45. Rxe8 Bxe8 46. Qxe5 Nc6 47. Qc3 Bg7 48. Qxc4 Bf7 49. Nd3 Qd8 50. N3b4 Nxb4 51. Qxb4 Bxd5 52. exd5 Rb6 53. Qe4 Rxb1 54. Qxb1 Qxd5 55. Qb8+ Kh7 56. Qxc7 Kg6 57. a5 Be5 58. Qb6+ Qd6 59. Bd3+ Kh5 60. Qb5 Kh6 61. Kh2 Qd4 62. Qb6+ Kg7 63. Qxd4 Bxd4 64. Bf5 Bxf2 65. Bxg4 Ba7 66. Bxf3 Kf6 67. Kg2 Kf5 68. a6 Bb6 69. Be2 Ba7 70. Kf3 Bb6 71. g4+ Kg5 72. Ke4 Kf6 73. Kd5 1-0

[Event "GER-ch 79th"]
[Site "Bad Woerishofen "]
[Date "2008.02.15"]
[Round "1"]
[White "Reuss, Andreas"]
[Black "Neerforth, Philipp"]
[Result "1/2-1/2"]
[WhiteElo "2326"]
[BlackElo "2258"]
[PlyCount "66"]
[EventDate "2008.02.15"]
[EventType "swiss"]
[EventRounds "9"]
[EventCountry "GER"]
[SourceTitle "CBM 122 Extra"]
[Source "ChessBase"]
[SourceDate "2008.03.04"]
[SourceVersion "1"]
[SourceVersionDate "2008.03.04"]
[SourceQuality "1"]

1. e4 c5 2. Nf3 d6 3. c4 e5 4. Be2 g6 5. 0-0 Bg7 6. Nc3 Ne7 7. Ne1 0-0 8. Nc2 Nbc6 9. Ne3 f5 10. exf5 Nxf5 11. Bf3 Ncd4 12. Bd5+ Kh8 13. d3 Bh6 14. Nxf5 Bxc1 15. Nxd4 Bxb2 16. Nde2 Bxa1 17. Qxa1 Qe7 18. Ng3 Rb8 19. Nge4 Bd7 20. Nb5 Bxb5 21. cxb5 Rf5 22. Rc1 Rbf8 23. Rc4 b6 24. Qb2 g5 25. Ra4 g4 26. Qc1 Qg7 27. Qa3 Qh6 28. Qb2 Qe3 29. g3 Qxd3 30. Qb3 Qe2 31. Qc4 Qd1+ 32. Kg2 Qf3+ 33. Kg1 Qd1+ 1/2-1/2

[Event "Olomouc Agentura 64 Cup IM-B"]
[Site "Olomouc"]
[Date "2007.08.06"]
[Round "8"]
[White "Lagerman, Robert"]
[Black "Neerforth, Philipp"]
[Result "1/2-1/2"]
[WhiteElo "2315"]
[BlackElo "2246"]
[PlyCount "55"]
[EventDate "2007.08.01"]
[EventType "tourn"]
[EventRounds "11"]
[EventCountry "CZE"]
[EventCategory "2"]
[SourceTitle "CBM 119 Extra"]
[Source "ChessBase"]
[SourceDate "2007.09.04"]
[SourceVersion "1"]
[SourceVersionDate "2007.09.04"]
[SourceQuality "1"]

1. e4 c5 2. Nf3 d6 3. Bb5+ Bd7 4. Bxd7+ Qxd7 5. 0-0 Nf6 6. Re1 Nc6 7. c3 e6 8. d4 cxd4 9. cxd4 d5 10. e5 Ne4 11. Nbd2 Nxd2 12. Bxd2 Be7 13. a3 0-0 14. Qe2 Rac8 15. Qd3 Qd8 16. b4 h6 17. Rec1 Qb6 18. Rc3 a6 19. Rac1 Na7 20. Be3 Rxc3 21. Rxc3 Rc8 22. Rxc8+ Nxc8 23. Qc3 Na7 24. Bd2 Qc6 25. Qxc6 Nxc6 26. Kf1 Kf8 27. Ke2 Ke8 28. Kd3 1/2-1/2

[Event "Olomouc Agentura 64 Cup IM-B"]
[Site "Olomouc"]
[Date "2007.08.05"]
[Round "7"]
[White "Neerforth, Philipp"]
[Black "Dauletova, Gulmira"]
[Result "1/2-1/2"]
[WhiteElo "2246"]
[BlackElo "2210"]
[PlyCount "82"]
[EventDate "2007.08.01"]
[EventType "tourn"]
[EventRounds "11"]
[EventCountry "CZE"]
[EventCategory "2"]
[SourceTitle "CBM 119 Extra"]
[Source "ChessBase"]
[SourceDate "2007.09.04"]
[SourceVersion "1"]
[SourceVersionDate "2007.09.04"]
[SourceQuality "1"]

1. Nf3 Nf6 2. c4 c5 3. Nc3 Nc6 4. g3 g6 5. d4 cxd4 6. Nxd4 Bg7 7. Bg2 0-0 8. 0-0 Nxd4 9. Qxd4 d6 10. Qd3 Nd7 11. b3 Nc5 12. Qd2 a5 13. Bb2 a4 14. Nd5 e5 15. b4 a3 16. Bc1 Ne6 17. e3 e4 18. Rb1 Ng5 19. f4 exf3 20. Bxf3 Bf5 21. Rb3 Nxf3+ 22. Rxf3 Rc8 23. Rf4 b5 24. Rxa3 Be5 25. Bb2 f6 26. Rxf5 gxf5 27. cxb5 Qe8 28. Ra7 Rf7 29. b6 Rxa7 30. bxa7 Qf7 31. Bxe5 fxe5 32. Qc3 Ra8 33. Qc6 Rxa7 34. Qxd6 e4 35. Qb8+ Kg7 36. Qe5+ Kh6 37. Nf6 Kg6 38. Nd5 Kh6 39. Qd6+ Kg7 40. Qe5+ Kh6 41. Qd6+ Kg7 1/2-1/2

[Event "Olomouc Agentura 64 Cup IM-B"]
[Site "Olomouc"]
[Date "2007.08.04"]
[Round "5"]
[White "Neerforth, Philipp"]
[Black "Baryshpolets, Andrey"]
[Result "0-1"]
[WhiteElo "2246"]
[BlackElo "2307"]
[PlyCount "86"]
[EventDate "2007.08.01"]
[EventType "tourn"]
[EventRounds "11"]
[EventCountry "CZE"]
[EventCategory "2"]
[SourceTitle "CBM 119 Extra"]
[Source "ChessBase"]
[SourceDate "2007.09.04"]
[SourceVersion "1"]
[SourceVersionDate "2007.09.04"]
[SourceQuality "1"]

1. Nf3 Nf6 2. c4 g6 3. Nc3 Bg7 4. e4 d6 5. d4 0-0 6. Be2 e5 7. d5 a5 8. Bg5 h6 9. Bh4 Na6 10. Nd2 Qe8 11. Rb1 Bd7 12. b3 Nh7 13. f3 h5 14. Bf2 Qe7 15. h4 Bh6 16. a3 Nc5 17. Nb5 Bc8 18. Qc2 f5 19. Nc3 Bd7 20. Bd3 Nf6 21. 0-0 b6 22. b4 axb4 23. axb4 Nxd3 24. Qxd3 Ra3 25. Rb3 Rfa8 26. Rxa3 Rxa3 27. Qc2 Kg7 28. Qb2 Ra8 29. exf5 gxf5 30. Re1 Kh7 31. c5 bxc5 32. bxc5 Rg8 33. Nc4 Qg7 34. Be3 Bxe3+ 35. Nxe3 e4 36. fxe4 Nxe4 37. Ncd1 Nxc5 38. Qd2 f4 39. Nf1 Bh3 40. Re2 f3 41. Rf2 Bxg2 42. Nfe3 Bh3+ 43. Ng2 Bxg2 0-1

[Event "Olomouc Agentura 64 Cup IM-B"]
[Site "Olomouc"]
[Date "2007.08.01"]
[Round "1"]
[White "Neerforth, Philipp"]
[Black "Zvara, Petr"]
[Result "1/2-1/2"]
[WhiteElo "2246"]
[BlackElo "2440"]
[PlyCount "88"]
[EventDate "2007.08.01"]
[EventType "tourn"]
[EventRounds "11"]
[EventCountry "CZE"]
[EventCategory "2"]
[SourceTitle "CBM 119 Extra"]
[Source "ChessBase"]
[SourceDate "2007.09.04"]
[SourceVersion "1"]
[SourceVersionDate "2007.09.04"]
[SourceQuality "1"]

1. Nf3 Nf6 2. c4 e6 3. Nc3 d5 4. d4 Be7 5. Bg5 0-0 6. e3 h6 7. Bxf6 Bxf6 8. Rc1 c6 9. Bd3 a6 10. 0-0 Nd7 11. cxd5 cxd5 12. e4 dxe4 13. Nxe4 b6 14. Nd6 Qe7 15. Nxc8 Rfxc8 16. Rxc8+ Rxc8 17. Bxa6 Rd8 18. Qe2 Nf8 19. Rd1 Ng6 20. g3 Qd6 21. Bc4 Ne7 22. Bb3 g6 23. Qe4 Qb4 24. Ne5 Rd6 25. Qf4 Bxe5 26. Qxe5 Nc6 27. Qe3 Nxd4 28. Kh1 Nf5 29. Qe1 Rxd1 30. Qxd1 Qe4+ 31. f3 Qe3 32. Kg2 Nd4 33. Bc2 h5 34. Qd3 Qe5 35. b4 Nf5 36. Qd8+ Kg7 37. Bxf5 Qe2+ 38. Kg1 Qe3+ 39. Kg2 gxf5 40. Qd1 e5 41. a4 Qc3 42. Qd8 Qe3 43. Qd1 Qc3 44. Qd8 Qe3 1/2-1/2

[Event "Berlin op 09"]
[Site "Berlin"]
[Date "2006.10.07"]
[Round "8"]
[White "Giemsa, Stephan"]
[Black "Neerforth, Philipp"]
[Result "1/2-1/2"]
[WhiteElo "2296"]
[BlackElo "2184"]
[PlyCount "108"]
[EventDate "2006.09.30"]
[EventType "swiss"]
[EventRounds "9"]
[EventCountry "GER"]
[SourceTitle "EXT 2007"]
[Source "ChessBase"]
[SourceDate "2006.11.23"]
[SourceVersion "1"]
[SourceVersionDate "2006.11.23"]
[SourceQuality "1"]

1. d4 Nf6 2. c4 g6 3. Nc3 d5 4. Bg5 Bg7 5. Bxf6 Bxf6 6. cxd5 c6 7. Rc1 0-0 8. dxc6 Bxd4 9. c7 Bxc3+ 10. Rxc3 Qxd1+ 11. Kxd1 Nc6 12. e4 Bd7 13. Nf3 Rfc8 14. Bb5 Rxc7 15. Kd2 a6 16. Ba4 Rcc8 17. Rhc1 e6 18. Ke3 b5 19. Bb3 Na5 20. Ne5 Rxc3+ 21. Rxc3 Ra7 22. h4 h5 23. Kd4 b4 24. Rf3 Nc6+ 25. Nxc6 Bxc6 26. Rf4 Rc7 27. g4 hxg4 28. Rxg4 Kf8 29. Rg5 Bb5 30. f4 Ke7 31. f5 e5+ 32. Ke3 Kf6 33. fxg6 fxg6 34. Rg2 Rh7 35. Rf2+ Ke7 36. Rh2 Rh5 37. Bd1 Rh8 38. Bg4 Rd8 39. Rd2 Rxd2 40. Kxd2 Bc4 41. Be2 Bxa2 42. Bxa6 Kf6 43. Kc2 Bf7 44. Kd3 g5 45. hxg5+ Kxg5 46. Bc4 Bg6 47. Ke3 Kg4 48. Be6+ Kg3 49. Bd5 Be8 50. Kd3 Bb5+ 51. Bc4 Bxc4+ 52. Kxc4 Kf4 53. Kxb4 Kxe4 54. Kc5 Kd3 1/2-1/2

[Event "Berlin op 09"]
[Site "Berlin"]
[Date "2006.09.30"]
[Round "1"]
[White "Grassi, Fabrizio"]
[Black "Neerforth, Philipp"]
[Result "0-1"]
[WhiteElo "1664"]
[BlackElo "2184"]
[PlyCount "144"]
[EventDate "2006.09.30"]
[EventType "swiss"]
[EventRounds "9"]
[EventCountry "GER"]
[SourceTitle "EXT 2007"]
[Source "ChessBase"]
[SourceDate "2006.11.23"]
[SourceVersion "1"]
[SourceVersionDate "2006.11.23"]
[SourceQuality "1"]

1. d4 Nf6 2. Nf3 g6 3. Bf4 Bg7 4. e3 0-0 5. Be2 d5 6. Nbd2 c5 7. c3 Nfd7 8. 0-0 Nc6 9. h3 e5 10. dxe5 Ndxe5 11. Nxe5 Nxe5 12. Nf3 Nxf3+ 13. Bxf3 Be6 14. Qb3 Qd7 15. Rad1 c4 16. Qc2 Qc6 17. e4 Rad8 18. exd5 Bxd5 19. Bxd5 Rxd5 20. Rxd5 Qxd5 21. Rd1 Qe6 22. Qd2 Bf6 23. Re1 Qa6 24. Bh6 Bg7 25. Bxg7 Kxg7 26. Re7 Qb6 27. Qd4+ Qxd4 28. cxd4 Rd8 29. Rxb7 Rxd4 30. Rxa7 Rd1+ 31. Kh2 Rd2 32. Rb7 Rxf2 33. Rb6 Rc2 34. a4 c3 35. bxc3 Rxc3 36. a5 Ra3 37. a6 Kh6 38. Rf6 Kg7 39. Rb6 f5 40. Rb7+ Kh6 41. a7 g5 42. Rc7 f4 43. Rb7 Kg6 44. Rc7 h6 45. Rb7 Ra2 46. Kg1 Kh5 47. Rh7 Kh4 48. Rxh6+ Kg3 49. Kf1 Ra1+ 50. Ke2 Kxg2 51. Rg6 f3+ 52. Ke3 Ra3+ 53. Kd2 Rxa7 54. Rxg5+ Kf2 55. h4 Rd7+ 56. Kc3 Ke3 57. Re5+ Kf4 58. Re8 Kg3 59. h5 Rf7 60. Rg8+ Kh2 61. h6 f2 62. h7 Rxh7 63. Rf8 Kg2 64. Rg8+ Kf1 65. Kd2 Rd7+ 66. Kc2 Rd5 67. Rf8 Ke2 68. Re8+ Kf3 69. Rf8+ Kg3 70. Kc3 Rd1 71. Rg8+ Kh4 72. Rh8+ Kg5 0-1